000
00327 a2200145 4500
001
169227
020
_a
040
_c
Magnum
100
_a
Arnold, Wilhelm
240
1
0
_a
Dicionario de psicologia - v.3 - p-z
_l
ESP
245
1
0
_a
Dicionario de psicologia - v.3 - p-z
362
0
_a
1899
697
_a
PSICOLOGIA
942
_c
BK
999
_c
169227
_d
169227